| 000 | 01108nam0a2200337 i 4500 | ||
|---|---|---|---|
| 001 | RU\NLR\bibl\2022147 | ||
| 005 | 20241103115551.0 | ||
| 010 |
_a9785413011058 _92000 |
||
| 021 |
_aRU _b2013-21657 _91527 |
||
| 035 | _a(nilc)RuMoRGB-006551627 | ||
| 035 | _a(NLR Aleph) 002010350 | ||
| 090 |
_a4453715 _c4453715 |
||
| 100 | _a20131026d2013 u||y0rusy50 ca | ||
| 101 | 0 | _arus | |
| 102 | _aRU | ||
| 105 | _aa ||||||||| | ||
| 200 | 1 |
_aКак избавиться от страданий _eизменим судьбу _fГалина Шереметева |
|
| 205 | _a5-е изд. | ||
| 210 |
_aМосква _cАмрита-Русь _d2013 |
||
| 215 |
_a230, [5] с. _cил. _d20 |
||
| 606 |
_aПсихобиоэнергетика _91524850 _3RU\NLR\AUTH\66964907 |
||
| 610 | 0 | _aкарма | |
| 686 | 1 | _aЮ969 | |
| 700 | 1 |
_aШереметева _bГ. Б. _gГалина Борисовна |
|
| 801 | 0 |
_aRU _bRuMoRKP _c20101122 _gRCR |
|
| 801 | 2 |
_aRU _bРГБ _c20130329 _grcr |
|
| 801 | 1 |
_aRU _bRuMoRKP _c20101122 _2rusmarc |
|
| 801 | 2 |
_aRU _bNLR _c20130409 _grcr |
|
| 942 | _cBOOK | ||
| 980 | _aNBR | ||